000 00753nam a2200181 a 4500
008 120416s1984 ||||||||||||||||| || u
020 _a0534030505
050 _aTJ 265 Per
100 _aPerry, Robert L., 1922-
245 1 0 _aThermodynamics for engineering technology
260 _aNorth Scituate, [Mass.]
_bBreton Publishers
_c1984
300 _axv, 496p.: ill.
350 _a0.00
500 _aIncludes index.
650 _aTHERMODYNAMICS
995 _aBINDERY (DAMAGED)
_D0.00
_e721779
_FCBU-MAIN LIBRARY (Kitwe)
_H1
_I29.75
_jTJ 265 Per
_M1
_UDAMAGED
_y017771
_ZMain Library Open Access Collection
995 _aMAIN LIBRARY OPEN ACCESS
_D0.00
_e712617
_FCBU-MAIN LIBRARY (Kitwe)
_H2
_I29.75
_jTJ 265 Per
_UAVAILABLE
_y017770
_ZMain Library Open Access Collection
999 _c81287
_d81287